The Hits Of Gladys Knight & The Pips - Statistics

General Stats
  • This quiz has been taken 20 times
  • The average score is 5 of 15
Answer Stats
Hint Answer % Correct
Midnight Train To Georgia
100%
Licence To - Kill
80%
Look Of - Love
80%
Take Me In Your Arms - And Love Me
40%
Best thing That Ever Happened To Me
40%
Make Yours - A Happy Home
20%
The One - And Only
20%
Taste Of - Bitter Love
20%
Baby Don't - Change Your Mind
20%
Come Back And - Finish What You Started
20%
Help Me - Make It Through The Night
20%
Neither One - Of Us
20%
So Sad - The Song
20%
Just Walk - In My Shoes
0%
It's Better - Than A Good Time
0%
No matching quizzes found
Score Distribution
Percent of People with Each Score
Percentile by Number Answered
Your Score History
You have not taken this quiz